000 01153cab a2200193 4500
001 ##L133098
008 060411n2006 000 0 eng u
035 _a(Sirsi) u133098
041 0 _aeng
100 1 _aKlein, Rudi
245 0 0 _aFlaws in government thinking
260 _c2006
490 0 _aConstruction News
_v(6961) 6 April 2006, 28(1)
520 _aArgues that DTI proposals to amend the Housing Grants, Construction and Generation Act 1996 so that a contractual payment mechanism is deemed adequate only if it requires a statement of what is due in a certificate issued by the payer, payee or a third party fail to tackle payment problems in the industry. In practice, the employer will simply issue a certificate stating what it intends to pay, leaving the payee with no option but to go to adjudication to settle the dispute. A statutory payment mechanism giving the payee the right to apply for payment should replace the present system.
590 _aIKA110406
650 2 4 _aHOUSING GRANTS, CONSTRUCTION AND REGENERATION ACT 1996
690 _aBUILT ENVIRONMENT-CONSTRUCTION MANAGEMENT-BUILDING CONTRACT ADMINISTRATION
942 _n0
999 _c76799
_d76799